| 000 | 00790nab a2200241 a 4500 | ||
|---|---|---|---|
| 005 | 20210219162045.0 | ||
| 008 | 991125s1985 mx 000 0 spa u | ||
| 035 | _aUPN01000196872 | ||
| 100 | 1 | _aTejero González, Carlos María | |
| 100 | 1 | _ucarlos.tejero@ua | |
| 222 |
_aBORDON : _bREVISTA DE PEDAGOGIA |
||
| 245 | _aEstrés laboral y dirección escolar : escala de medición y jerarquía de estresores | ||
| 260 | _aMadrid, España | ||
| 300 | _a123-137 | ||
| 362 | 0 | _a2010 Vol. 62, no. 1 | |
| 653 | 0 | _aSINDROME DE BURNOUT | |
| 653 | 0 | _aDIRECCION ESCOLAR | |
| 653 | 0 | _aSATISFACCION LABORAL | |
| 700 | 1 |
_aFernández Díaz, María José, _ecoaut. |
|
| 700 | 1 | _umjfdiaz@edu.ucm.es | |
| 856 | 1 | _uhttp://dialnet.unirioja.es/servlet/articulo?codigo=3178544 | |
| 905 | _aArticulo | ||
| 999 |
_c168973 _d168973 |
||